| 000 -LEADER |
| fixed length control field |
00427nam a2200145Ia 4500 |
| 008 - FIXED-LENGTH DATA ELEMENTS--GENERAL INFORMATION |
| fixed length control field |
200103s9999||||xx |||||||||||||| ||und|| |
| 082 ## - DEWEY DECIMAL CLASSIFICATION NUMBER |
| Classification number |
340 |
| Item number |
TNI |
| 100 ## - MAIN ENTRY--PERSONAL NAME |
| Personal name |
The nautical institute north east branch |
| 245 #4 - TITLE STATEMENT |
| Title |
The mariner and the maritime law |
| 260 ## - PUBLICATION, DISTRIBUTION, ETC. (IMPRINT) |
| Name of publisher, distributor, etc |
The nautical institute north east branch |
| Date of publication, distribution, etc |
1996, 1997, 1998, and 1999 |
| Place of publication, distribution, etc |
Mumbai |
| 300 ## - PHYSICAL DESCRIPTION |
| Extent |
126p. |
| 650 ## - SUBJECT ADDED ENTRY--TOPICAL TERM |
| Topical term or geographic name as entry element |
Prisons |
| 650 ## - SUBJECT ADDED ENTRY--TOPICAL TERM |
| Topical term or geographic name as entry element |
Law enforcement |
| 942 ## - ADDED ENTRY ELEMENTS (KOHA) |
| Item type |
Books |